ბათუმის შოთა რუსთაველის სახელმწიფო უნივერსიტეტის ბიბლიოთეკა

Stories for Under-Fives. (ბიბ.ჩანაწერი № 47373)

000 -LEADER
fixed length control field 00477nam a2200193Ia 4500
001 - CONTROL NUMBER
control field 14235
003 - CONTROL NUMBER IDENTIFIER
control field GE_BSU
008 - FIXED-LENGTH DATA ELEMENTS--GENERAL INFORMATION
fixed length control field 181216s||||||||xx |||||||||||||| ||und||
040 ## - CATALOGING SOURCE
Transcribing agency GE_BSU
080 ## - UNIVERSAL DECIMAL CLASSIFICATION NUMBER
Universal Decimal Classification number 82-93
245 ## - TITLE STATEMENT
Title Stories for Under-Fives.
245 ## - TITLE STATEMENT
Statement of responsibility, etc. Edited by Sara & Stefhen Corrin. Illustrated by Shirley Hughes.
260 ## - PUBLICATION, DISTRIBUTION, ETC.
Place of publication, distribution, etc. New York
260 ## - PUBLICATION, DISTRIBUTION, ETC.
Name of publisher, distributor, etc. Puffin books
260 ## - PUBLICATION, DISTRIBUTION, ETC.
Date of publication, distribution, etc. 1979
300 ## - PHYSICAL DESCRIPTION
Extent 126p.ill.20cm.
653 ## - INDEX TERM--UNCONTROLLED
Uncontrolled term Stories for Under-Fives.
942 ## - ADDED ENTRY ELEMENTS (KOHA)
Koha item type წიგნი
ეგზემპლარები
Withdrawn status Lost status Damaged status Not for loan Date acquired Barcode Date last seen Price effective from Koha item type
        2018-12-17 37478 2018-12-17 2018-12-17 წიგნი